000
00279nam a2200121Ia 4500
008
191201s2014 xx 000 0 und d
100
_a
GOULD, John P
245
0
_a
Microeconomic Theory
260
_a
N. Delhi
_b
A.I.T.B.S
_c
2014
300
_a
640
650
_a
BBA
942
_2
ddc
_c
BK
999
_c
6308
_d
6308